<?xml version="1.0" encoding="UTF-8"?>
<record
    xmlns:xsi="http://www.w3.org/2001/XMLSchema-instance"
    xsi:schemaLocation="http://www.loc.gov/MARC21/slim http://www.loc.gov/standards/marcxml/schema/MARC21slim.xsd"
    xmlns="http://www.loc.gov/MARC21/slim">

  <leader>00468nam a2200181   4500</leader>
  <controlfield tag="003">SEACOMEC</controlfield>
  <controlfield tag="005">20250404135409.0</controlfield>
  <controlfield tag="008">231226b        |||||||| |||| 00| 0 eng d</controlfield>
  <datafield tag="020" ind1=" " ind2=" ">
    <subfield code="c">Rs.160.00</subfield>
  </datafield>
  <datafield tag="040" ind1=" " ind2=" ">
    <subfield code="a">SEACOMEC</subfield>
  </datafield>
  <datafield tag="082" ind1=" " ind2=" ">
    <subfield code="a">621.3191</subfield>
    <subfield code="b">P273</subfield>
  </datafield>
  <datafield tag="100" ind1=" " ind2=" ">
    <subfield code="a">Partab,H.</subfield>
  </datafield>
  <datafield tag="245" ind1="1" ind2=" ">
    <subfield code="a">Art and science of utilization of electrical energy / </subfield>
    <subfield code="c">H.partab</subfield>
  </datafield>
  <datafield tag="250" ind1=" " ind2=" ">
    <subfield code="a">3rd ed</subfield>
  </datafield>
  <datafield tag="260" ind1=" " ind2=" ">
    <subfield code="a">Delhi</subfield>
    <subfield code="b">Dhandat Rai</subfield>
    <subfield code="c">2006</subfield>
  </datafield>
  <datafield tag="650" ind1=" " ind2=" ">
    <subfield code="a">Technology,Transmission</subfield>
  </datafield>
  <datafield tag="942" ind1=" " ind2=" ">
    <subfield code="c">BOOK</subfield>
  </datafield>
  <datafield tag="952" ind1=" " ind2=" ">
    <subfield code="0">0</subfield>
    <subfield code="1">0</subfield>
    <subfield code="2">ddc</subfield>
    <subfield code="4">0</subfield>
    <subfield code="7">0</subfield>
    <subfield code="a">SEACOMEC</subfield>
    <subfield code="b">SEACOMEC</subfield>
    <subfield code="d">2006-06-02</subfield>
    <subfield code="l">0</subfield>
    <subfield code="o">621.3191 P273</subfield>
    <subfield code="p">00743</subfield>
    <subfield code="r">2023-12-26 11:05:42</subfield>
    <subfield code="w">2023-12-26</subfield>
    <subfield code="y">REF</subfield>
  </datafield>
  <datafield tag="952" ind1=" " ind2=" ">
    <subfield code="0">0</subfield>
    <subfield code="1">0</subfield>
    <subfield code="2">ddc</subfield>
    <subfield code="4">0</subfield>
    <subfield code="7">0</subfield>
    <subfield code="a">SEACOMEC</subfield>
    <subfield code="b">SEACOMEC</subfield>
    <subfield code="d">2006-06-02</subfield>
    <subfield code="l">0</subfield>
    <subfield code="o">621.3191 P273</subfield>
    <subfield code="p">00744</subfield>
    <subfield code="r">2025-04-04 13:59:22</subfield>
    <subfield code="t">1</subfield>
    <subfield code="w">2025-04-04</subfield>
    <subfield code="y">BOOK</subfield>
  </datafield>
  <datafield tag="952" ind1=" " ind2=" ">
    <subfield code="0">0</subfield>
    <subfield code="1">0</subfield>
    <subfield code="2">ddc</subfield>
    <subfield code="4">0</subfield>
    <subfield code="7">0</subfield>
    <subfield code="a">SEACOMEC</subfield>
    <subfield code="b">SEACOMEC</subfield>
    <subfield code="d">2006-06-02</subfield>
    <subfield code="l">0</subfield>
    <subfield code="o">621.3191 P273</subfield>
    <subfield code="p">00745</subfield>
    <subfield code="r">2025-04-04 13:59:22</subfield>
    <subfield code="t">2</subfield>
    <subfield code="w">2025-04-04</subfield>
    <subfield code="y">BOOK</subfield>
  </datafield>
  <datafield tag="952" ind1=" " ind2=" ">
    <subfield code="0">0</subfield>
    <subfield code="1">0</subfield>
    <subfield code="2">ddc</subfield>
    <subfield code="4">0</subfield>
    <subfield code="7">0</subfield>
    <subfield code="a">SEACOMEC</subfield>
    <subfield code="b">SEACOMEC</subfield>
    <subfield code="d">2006-06-02</subfield>
    <subfield code="l">0</subfield>
    <subfield code="o">621.3191 P273</subfield>
    <subfield code="p">00746</subfield>
    <subfield code="r">2025-04-04 13:59:22</subfield>
    <subfield code="t">3</subfield>
    <subfield code="w">2025-04-04</subfield>
    <subfield code="y">BOOK</subfield>
  </datafield>
  <datafield tag="952" ind1=" " ind2=" ">
    <subfield code="0">0</subfield>
    <subfield code="1">0</subfield>
    <subfield code="2">ddc</subfield>
    <subfield code="4">0</subfield>
    <subfield code="7">0</subfield>
    <subfield code="a">SEACOMEC</subfield>
    <subfield code="b">SEACOMEC</subfield>
    <subfield code="d">2006-06-02</subfield>
    <subfield code="l">0</subfield>
    <subfield code="o">621.3191 P273</subfield>
    <subfield code="p">00747</subfield>
    <subfield code="r">2025-04-04 13:59:22</subfield>
    <subfield code="t">4</subfield>
    <subfield code="w">2025-04-04</subfield>
    <subfield code="y">BOOK</subfield>
  </datafield>
  <datafield tag="952" ind1=" " ind2=" ">
    <subfield code="0">0</subfield>
    <subfield code="1">0</subfield>
    <subfield code="2">ddc</subfield>
    <subfield code="4">0</subfield>
    <subfield code="7">0</subfield>
    <subfield code="a">SEACOMEC</subfield>
    <subfield code="b">SEACOMEC</subfield>
    <subfield code="d">2006-06-02</subfield>
    <subfield code="l">0</subfield>
    <subfield code="o">621.3191 P273</subfield>
    <subfield code="p">00748</subfield>
    <subfield code="r">2025-04-04 13:59:22</subfield>
    <subfield code="t">5</subfield>
    <subfield code="w">2025-04-04</subfield>
    <subfield code="y">BOOK</subfield>
  </datafield>
  <datafield tag="952" ind1=" " ind2=" ">
    <subfield code="0">0</subfield>
    <subfield code="1">0</subfield>
    <subfield code="2">ddc</subfield>
    <subfield code="4">0</subfield>
    <subfield code="7">0</subfield>
    <subfield code="a">SEACOMEC</subfield>
    <subfield code="b">SEACOMEC</subfield>
    <subfield code="d">2006-06-02</subfield>
    <subfield code="l">0</subfield>
    <subfield code="o">621.3191 P273</subfield>
    <subfield code="p">00749</subfield>
    <subfield code="r">2025-04-04 13:59:22</subfield>
    <subfield code="t">6</subfield>
    <subfield code="w">2025-04-04</subfield>
    <subfield code="y">BOOK</subfield>
  </datafield>
  <datafield tag="952" ind1=" " ind2=" ">
    <subfield code="0">0</subfield>
    <subfield code="1">0</subfield>
    <subfield code="2">ddc</subfield>
    <subfield code="4">0</subfield>
    <subfield code="7">0</subfield>
    <subfield code="a">SEACOMEC</subfield>
    <subfield code="b">SEACOMEC</subfield>
    <subfield code="d">2006-06-02</subfield>
    <subfield code="l">0</subfield>
    <subfield code="o">621.3191 P273</subfield>
    <subfield code="p">00750</subfield>
    <subfield code="r">2025-04-04 13:59:22</subfield>
    <subfield code="t">7</subfield>
    <subfield code="w">2025-04-04</subfield>
    <subfield code="y">BOOK</subfield>
  </datafield>
  <datafield tag="952" ind1=" " ind2=" ">
    <subfield code="0">0</subfield>
    <subfield code="1">0</subfield>
    <subfield code="2">ddc</subfield>
    <subfield code="4">0</subfield>
    <subfield code="7">0</subfield>
    <subfield code="a">SEACOMEC</subfield>
    <subfield code="b">SEACOMEC</subfield>
    <subfield code="d">2006-06-02</subfield>
    <subfield code="l">0</subfield>
    <subfield code="o">621.3191 P273</subfield>
    <subfield code="p">00751</subfield>
    <subfield code="r">2025-04-04 13:59:22</subfield>
    <subfield code="t">8</subfield>
    <subfield code="w">2025-04-04</subfield>
    <subfield code="y">BOOK</subfield>
  </datafield>
  <datafield tag="952" ind1=" " ind2=" ">
    <subfield code="0">0</subfield>
    <subfield code="1">0</subfield>
    <subfield code="2">ddc</subfield>
    <subfield code="4">0</subfield>
    <subfield code="7">0</subfield>
    <subfield code="a">SEACOMEC</subfield>
    <subfield code="b">SEACOMEC</subfield>
    <subfield code="d">2006-06-02</subfield>
    <subfield code="l">0</subfield>
    <subfield code="o">621.3191 P273</subfield>
    <subfield code="p">00752</subfield>
    <subfield code="r">2025-04-04 13:59:22</subfield>
    <subfield code="t">9</subfield>
    <subfield code="w">2025-04-04</subfield>
    <subfield code="y">BOOK</subfield>
  </datafield>
  <datafield tag="952" ind1=" " ind2=" ">
    <subfield code="0">0</subfield>
    <subfield code="1">0</subfield>
    <subfield code="2">ddc</subfield>
    <subfield code="4">0</subfield>
    <subfield code="7">0</subfield>
    <subfield code="a">SEACOMEC</subfield>
    <subfield code="b">SEACOMEC</subfield>
    <subfield code="d">2009-10-10</subfield>
    <subfield code="l">0</subfield>
    <subfield code="o">621.3191 P273</subfield>
    <subfield code="p">15556</subfield>
    <subfield code="r">2025-04-04 14:00:02</subfield>
    <subfield code="t">10</subfield>
    <subfield code="w">2025-04-04</subfield>
    <subfield code="y">BOOK</subfield>
  </datafield>
  <datafield tag="952" ind1=" " ind2=" ">
    <subfield code="0">0</subfield>
    <subfield code="1">0</subfield>
    <subfield code="2">ddc</subfield>
    <subfield code="4">0</subfield>
    <subfield code="7">0</subfield>
    <subfield code="a">SEACOMEC</subfield>
    <subfield code="b">SEACOMEC</subfield>
    <subfield code="d">2009-10-10</subfield>
    <subfield code="l">0</subfield>
    <subfield code="o">621.3191 P273</subfield>
    <subfield code="p">15557</subfield>
    <subfield code="r">2025-04-04 14:00:02</subfield>
    <subfield code="t">11</subfield>
    <subfield code="w">2025-04-04</subfield>
    <subfield code="y">BOOK</subfield>
  </datafield>
  <datafield tag="952" ind1=" " ind2=" ">
    <subfield code="0">0</subfield>
    <subfield code="1">0</subfield>
    <subfield code="2">ddc</subfield>
    <subfield code="4">0</subfield>
    <subfield code="7">0</subfield>
    <subfield code="a">SEACOMEC</subfield>
    <subfield code="b">SEACOMEC</subfield>
    <subfield code="d">2009-10-10</subfield>
    <subfield code="l">0</subfield>
    <subfield code="o">621.3191 P273</subfield>
    <subfield code="p">15558</subfield>
    <subfield code="r">2025-04-04 14:00:02</subfield>
    <subfield code="t">12</subfield>
    <subfield code="w">2025-04-04</subfield>
    <subfield code="y">BOOK</subfield>
  </datafield>
  <datafield tag="952" ind1=" " ind2=" ">
    <subfield code="0">0</subfield>
    <subfield code="1">0</subfield>
    <subfield code="2">ddc</subfield>
    <subfield code="4">0</subfield>
    <subfield code="7">0</subfield>
    <subfield code="a">SEACOMEC</subfield>
    <subfield code="b">SEACOMEC</subfield>
    <subfield code="d">2009-10-10</subfield>
    <subfield code="l">0</subfield>
    <subfield code="o">621.3191 P273</subfield>
    <subfield code="p">15559</subfield>
    <subfield code="r">2025-04-04 14:00:02</subfield>
    <subfield code="t">13</subfield>
    <subfield code="w">2025-04-04</subfield>
    <subfield code="y">BOOK</subfield>
  </datafield>
  <datafield tag="952" ind1=" " ind2=" ">
    <subfield code="0">0</subfield>
    <subfield code="1">0</subfield>
    <subfield code="2">ddc</subfield>
    <subfield code="4">0</subfield>
    <subfield code="7">0</subfield>
    <subfield code="a">SEACOMEC</subfield>
    <subfield code="b">SEACOMEC</subfield>
    <subfield code="d">2009-10-10</subfield>
    <subfield code="l">0</subfield>
    <subfield code="o">621.3191 P273</subfield>
    <subfield code="p">15560</subfield>
    <subfield code="r">2025-04-04 14:00:02</subfield>
    <subfield code="t">14</subfield>
    <subfield code="w">2025-04-04</subfield>
    <subfield code="y">BOOK</subfield>
  </datafield>
  <datafield tag="952" ind1=" " ind2=" ">
    <subfield code="0">0</subfield>
    <subfield code="1">0</subfield>
    <subfield code="2">ddc</subfield>
    <subfield code="4">0</subfield>
    <subfield code="7">0</subfield>
    <subfield code="a">SEACOMEC</subfield>
    <subfield code="b">SEACOMEC</subfield>
    <subfield code="d">2009-10-10</subfield>
    <subfield code="l">0</subfield>
    <subfield code="o">621.3191 P273</subfield>
    <subfield code="p">15561</subfield>
    <subfield code="r">2025-04-04 14:00:02</subfield>
    <subfield code="t">15</subfield>
    <subfield code="w">2025-04-04</subfield>
    <subfield code="y">BOOK</subfield>
  </datafield>
  <datafield tag="952" ind1=" " ind2=" ">
    <subfield code="0">0</subfield>
    <subfield code="1">0</subfield>
    <subfield code="2">ddc</subfield>
    <subfield code="4">0</subfield>
    <subfield code="7">0</subfield>
    <subfield code="a">SEACOMEC</subfield>
    <subfield code="b">SEACOMEC</subfield>
    <subfield code="d">2009-10-10</subfield>
    <subfield code="l">0</subfield>
    <subfield code="o">621.3191 P273</subfield>
    <subfield code="p">15562</subfield>
    <subfield code="r">2025-04-04 14:00:02</subfield>
    <subfield code="t">16</subfield>
    <subfield code="w">2025-04-04</subfield>
    <subfield code="y">BOOK</subfield>
  </datafield>
  <datafield tag="952" ind1=" " ind2=" ">
    <subfield code="0">0</subfield>
    <subfield code="1">0</subfield>
    <subfield code="2">ddc</subfield>
    <subfield code="4">0</subfield>
    <subfield code="7">0</subfield>
    <subfield code="a">SEACOMEC</subfield>
    <subfield code="b">SEACOMEC</subfield>
    <subfield code="d">2009-10-10</subfield>
    <subfield code="l">0</subfield>
    <subfield code="o">621.3191 P273</subfield>
    <subfield code="p">15563</subfield>
    <subfield code="r">2025-04-04 14:00:02</subfield>
    <subfield code="t">17</subfield>
    <subfield code="w">2025-04-04</subfield>
    <subfield code="y">BOOK</subfield>
  </datafield>
  <datafield tag="952" ind1=" " ind2=" ">
    <subfield code="0">0</subfield>
    <subfield code="1">0</subfield>
    <subfield code="2">ddc</subfield>
    <subfield code="4">0</subfield>
    <subfield code="7">0</subfield>
    <subfield code="a">SEACOMEC</subfield>
    <subfield code="b">SEACOMEC</subfield>
    <subfield code="d">2009-10-10</subfield>
    <subfield code="l">0</subfield>
    <subfield code="o">621.3191 P273</subfield>
    <subfield code="p">15564</subfield>
    <subfield code="r">2025-04-04 14:00:02</subfield>
    <subfield code="t">18</subfield>
    <subfield code="w">2025-04-04</subfield>
    <subfield code="y">BOOK</subfield>
  </datafield>
  <datafield tag="952" ind1=" " ind2=" ">
    <subfield code="0">0</subfield>
    <subfield code="1">0</subfield>
    <subfield code="2">ddc</subfield>
    <subfield code="4">0</subfield>
    <subfield code="7">0</subfield>
    <subfield code="a">SEACOMEC</subfield>
    <subfield code="b">SEACOMEC</subfield>
    <subfield code="d">2009-10-10</subfield>
    <subfield code="l">0</subfield>
    <subfield code="o">621.3191 P273</subfield>
    <subfield code="p">15565</subfield>
    <subfield code="r">2025-04-04 14:00:02</subfield>
    <subfield code="t">19</subfield>
    <subfield code="w">2025-04-04</subfield>
    <subfield code="y">BOOK</subfield>
  </datafield>
  <datafield tag="952" ind1=" " ind2=" ">
    <subfield code="0">0</subfield>
    <subfield code="1">0</subfield>
    <subfield code="2">ddc</subfield>
    <subfield code="4">0</subfield>
    <subfield code="7">0</subfield>
    <subfield code="a">SEACOMEC</subfield>
    <subfield code="b">SEACOMEC</subfield>
    <subfield code="d">2009-10-10</subfield>
    <subfield code="l">0</subfield>
    <subfield code="o">621.3191 P273</subfield>
    <subfield code="p">15566</subfield>
    <subfield code="r">2025-04-04 14:00:02</subfield>
    <subfield code="t">20</subfield>
    <subfield code="w">2025-04-04</subfield>
    <subfield code="y">BOOK</subfield>
  </datafield>
  <datafield tag="952" ind1=" " ind2=" ">
    <subfield code="0">0</subfield>
    <subfield code="1">0</subfield>
    <subfield code="2">ddc</subfield>
    <subfield code="4">0</subfield>
    <subfield code="7">0</subfield>
    <subfield code="a">SEACOMEC</subfield>
    <subfield code="b">SEACOMEC</subfield>
    <subfield code="d">2009-10-10</subfield>
    <subfield code="l">0</subfield>
    <subfield code="o">621.3191 P273</subfield>
    <subfield code="p">15567</subfield>
    <subfield code="r">2025-04-04 14:00:02</subfield>
    <subfield code="t">21</subfield>
    <subfield code="w">2025-04-04</subfield>
    <subfield code="y">BOOK</subfield>
  </datafield>
  <datafield tag="952" ind1=" " ind2=" ">
    <subfield code="0">0</subfield>
    <subfield code="1">0</subfield>
    <subfield code="2">ddc</subfield>
    <subfield code="4">0</subfield>
    <subfield code="7">0</subfield>
    <subfield code="a">SEACOMEC</subfield>
    <subfield code="b">SEACOMEC</subfield>
    <subfield code="d">2009-10-10</subfield>
    <subfield code="l">0</subfield>
    <subfield code="o">621.3191 P273</subfield>
    <subfield code="p">15568</subfield>
    <subfield code="r">2025-04-04 14:00:02</subfield>
    <subfield code="t">22</subfield>
    <subfield code="w">2025-04-04</subfield>
    <subfield code="y">BOOK</subfield>
  </datafield>
  <datafield tag="952" ind1=" " ind2=" ">
    <subfield code="0">0</subfield>
    <subfield code="1">0</subfield>
    <subfield code="2">ddc</subfield>
    <subfield code="4">0</subfield>
    <subfield code="7">0</subfield>
    <subfield code="a">SEACOMEC</subfield>
    <subfield code="b">SEACOMEC</subfield>
    <subfield code="d">2009-10-10</subfield>
    <subfield code="l">0</subfield>
    <subfield code="o">621.3191 P273</subfield>
    <subfield code="p">15569</subfield>
    <subfield code="r">2025-04-04 14:00:02</subfield>
    <subfield code="t">23</subfield>
    <subfield code="w">2025-04-04</subfield>
    <subfield code="y">BOOK</subfield>
  </datafield>
  <datafield tag="952" ind1=" " ind2=" ">
    <subfield code="0">0</subfield>
    <subfield code="1">0</subfield>
    <subfield code="2">ddc</subfield>
    <subfield code="4">0</subfield>
    <subfield code="7">0</subfield>
    <subfield code="a">SEACOMEC</subfield>
    <subfield code="b">SEACOMEC</subfield>
    <subfield code="d">2009-10-10</subfield>
    <subfield code="l">0</subfield>
    <subfield code="o">621.3191 P273</subfield>
    <subfield code="p">15570</subfield>
    <subfield code="r">2025-04-04 14:00:02</subfield>
    <subfield code="t">24</subfield>
    <subfield code="w">2025-04-04</subfield>
    <subfield code="y">BOOK</subfield>
  </datafield>
  <datafield tag="999" ind1=" " ind2=" ">
    <subfield code="c">326</subfield>
    <subfield code="d">326</subfield>
  </datafield>
</record>
